000 00844nam a2200229Ia 4500
003 OSt
005 20260113112845.0
008 210716s2016 xx 000 0 und d
020 _a9781782174158
040 _cAIMIT LIBRARY
041 _aeng
082 _a621.3991
_bABHG
100 _aAbhilash, G B.
_9251047
245 _aLearning VMware vSpheres:
_blay the foundations for data center virtualization using VMware vSphere 6 and strengthen your understanding of its power /
_cBy Abhilash G B and Rebecca Fitzhugh.
250 _a1st ed.
260 _aMumbai :
_bPackt Publishing Ltd ,
_c2016.
300 _ax,586 p.;
_bPB
_c24.5 cm.
650 _aHypervisor
_9251048
650 _aVsphere networking concepts and management
_9251049
650 _aAdvanced vsphere infrastructure management
_9251050
942 _2ddc
_cBK
_e1st
_k621.3991 ABHG
999 _c196644
_d196644